| 000 | 00745nas a2200241 4500 | ||
|---|---|---|---|
| 001 | BR6008613 | ||
| 003 | BR-BrBNA | ||
| 005 | 20231205082111.0 | ||
| 007 | ta | ||
| 008 | 230509b bl.|||p| |||| 00| 00por d | ||
| 040 |
_aBR-BrBNA _bpor _cBiblioteca Nacional de Agricultura |
||
| 041 | _a(Pt) | ||
| 072 | _aQ10; S10 | ||
| 100 | 1 | _aTango, J.S. | |
| 245 | 1 | _aFarinhas de soja integral [Analise de alimento; Industria alimenticia! | |
| 650 | _aSOJA | ||
| 650 | _aFARINHA | ||
| 650 | _aANALISE DE ALIMENTO | ||
| 650 | _aINDUSTRIA ALIMENTICIA | ||
| 773 | 0 |
_tBoletim do Instituto de Tecnologia de Alimentos (Brazil) _xISSN 0336-0281 _g(Mar 1972), (no. 29) p. 21-45 _wBR6008613 |
|
| 909 |
_a202311 _bLúcia _c55 _dLúcia Elande |
||
| 942 |
_2AGRIS _n0 _cANA |
||
| 999 |
_c89152 _d89152 |
||